Hitman: World of Assassination - All Missions - Statistics

General Stats
  • This quiz has been taken 65 times
  • The average score is 24 of 49
Answer Stats
Game Location Mission % Correct
Hitman (2016) Paris, France The Showstopper
85%
Hitman (2016) Bangkok, Thailand Club 27
81%
Hitman (2016) Sapienza, Italy The World of Tomorrow
79%
Hitman (2016) Colorado, USA Freedom Fighters
77%
Hitman (2016) Hokkaido, Japan Situs Inversus
77%
Hitman (2016) Marrakesh, Morocco A Gilded Cage
72%
Hitman 3 Dubai, United Arab Emirates On Top of the World
70%
Hitman (2016) ICA Facility, Classified, Greenland The Final Test
70%
Hitman 2 Santa Fortuna, Colombia Three-Headed Serpent
70%
Hitman 2 Hawke's Bay, New Zealand Nightcall
68%
Patient Zero Hokkaido, Japan Patient Zero
64%
Hitman 2 Isle of Sgail, Arctic Sea The Ark Society
62%
Hitman 2 Miami, USA The Finish Line
62%
Hitman 3 Dartmoor, England Death in the Family
60%
Hitman (2016) ICA Facility, Classified, Greenland Freeform Training
60%
Hitman 2 Whittleton Creek, USA Another Life
57%
Hitman 3 Berlin, Germany Apex Predator
57%
Hitman 3 Carpathian Mountains, Romania Untouchable
57%
Patient Zero Sapienza, Italy The Author
55%
Hitman 2 Mumbai, India Chasing a Ghost
53%
Hitman (2016) - Bonus Missions Sapienza, Italy The Icon
53%
Hitman 3 Chongqing, China End of an Era
49%
Hitman (2016) ICA Facility, Classified, Greenland Guided Training
49%
Seasonal Content Paris, France Holiday Hoarders
49%
Hitman 3 Mendoza, Argentina The Farewell
49%
Sniper Assassin Himmelstein, Austria The Last Yardbird
49%
Seasonal Content Hokkaido, Japan Hokkaido Snow Festival
47%
Hitman (2016) - Bonus Missions Sapienza, Italy Landslide
47%
Hitman 2 Haven Island, Maldives The Last Resort
47%
Hitman (2016) - Bonus Missions Marrakesh, Morocco A House Built on Sand
45%
Hitman 2 New York, USA Golden Handshake
45%
Sniper Assassin Hantu Port, Singapore The Pen and the Sword
45%
Patient Zero Colorado, USA The Vector
45%
Seasonal Content Dartmoor, England The Dartmoor Garden Show
43%
Seasonal Content Berlin, Germany Berlin Egg Hunt
40%
Hitman 3 Ambrose Island, Andaman Sea Shadows in the Water
40%
Patient Zero Bangkok, Thailand The Source
40%
Sniper Assassin Siberia, Russia Crime and Punishment
36%
Sarajevo Six Hokkaido, Japan The Controller
34%
Sarajevo Six Paris, France The Director
34%
Sarajevo Six Colorado, USA The Mercenary
34%
Hitman 2 - Special Assignments Miami, USA A Silver Tongue
30%
Sarajevo Six Sapienza, Italy The Enforcer
28%
Hitman 2 - Special Assignments Mumbai, India Illusions of Grandeur
26%
Sarajevo Six Bangkok, Thailand The Veteran
26%
Sarajevo Six Marrakesh, Morocco The Extractor
21%
Hitman 2 - Special Assignments Santa Fortuna, Colombia Embrace of the Serpent
19%
Seasonal Content Hawke's Bay, New Zealand The Mills Reverie
19%
Hitman 2 - Special Assignments Whittleton Creek, USA A Better Pill
9%
No matching quizzes found
Score Distribution
Percent of People with Each Score
Percentile by Number Answered
Your Score History
You have not taken this quiz